Aplikácia systému CATIA v konštrukcií a verifikácií lisovacích nástrojov

Enregistré dans:
Détails bibliographiques
Auteur principal: Pavelka, Pavol, 1974- (Auteur)
Autres auteurs: Kapustová, Mária, 1959- (Directeur de thèse)
Format: Manuscrit Livre
Langue:slovaque
Publié: STU v Bratislave MTF UVTE KT, 2010
Sujets:
Accès en ligne:VAIS
Tags: Ajouter un tag
Pas de tags, Soyez le premier à ajouter un tag!

MARC

LEADER 00000ntm a22000003a 4500
001 stu206201
005 20160719160157.2
008 100702s2010------------------------slo-d
040 |a STU  |b slo 
041 0 |a slo 
100 1 |a Pavelka, Pavol,  |d 1974-  |4 aut  |X 31510  |7 A000031510 
242 0 0 |a APLICATION OF SYSTEM CATIA IN CONSTRUCTION AND VERIFICATION PRESS TOOLS  |y eng 
245 1 |a Aplikácia systému CATIA v konštrukcií a verifikácií lisovacích nástrojov 
260 |b STU v Bratislave MTF UVTE KT,  |c 2010 
650 7 |a lisovanie  |2 stusub 
650 7 |a ťahanie  |2 stusub 
650 7 |a pressing  |2 estusub 
650 7 |a nástroj  |2 stusub 
650 7 |a strihanie  |2 stusub 
700 1 |a Kapustová, Mária,  |d 1959-  |4 ths  |u M3000  |U MTF Materiálovotechnologická fakulta  |T MTF Ústav výrobných technológií  |X 209  |U M3000  |Y 83  |7 A000000209 
856 4 |a info a plný text  |u http://is.stuba.sk/zp/portal_zp.pl?podrobnosti=58670  |3 VAIS 
996 |c M*DP-9021  |l MMSKP  |s P  |a 0  |w stu206201_0001